000 00721nam a2200277Ia 4500
005 20260324115206.0
008 008 260324s9999 xx 000 0 eng d
020 _a9780429466328
037 _aEBOOK
040 _aCRL
040 _beng
040 _cCRL
041 _2eng
041 _aeng
084 _qCRL
100 _aSachin K. Mangla; Sunil Luthra; Suresh Kumar Jakhar; Anil Kumar; Nripendra P. Rana
_91153716
245 0 _aSustainable Procurement in Supply Chain Operations
260 _bTaylor and Francis
260 _c2019
365 _a
365 _b320
856 _uhttp://www.taylorfrancis.com/books/9780429466328
942 _cEBOOK
999 _c1744417
_d1744417